[Event "DSM WK M 2012"]
[Site "Karlsruhe GER"]
[Date "2012.05.04"]
[Round "2"]
[White "Koller, Vivien"]
[Black "Pankonin, Tabea"]
[Result "0-1"]
[Termination "normal"]
[Board "6.4"]
[WhiteElo "835"]
[BlackElo "774"]
[WhiteTeam "Clemens-Winkler-Gymnasium Aue"]
[BlackTeam "Salier-Gymnasium Waiblingen"]
[PlyCount "104"]
[EventCountry "GER"]
[EventRounds "7"]
[EventType "team-swiss"]
[EventDate "2012.05.03"]

1. e4 e5 2. Nc3 Nf6 3. Nf3 Nc6 4. b3 g6 5. Bb2 Bg7 6. Bd3 d6 7. O-O Bg4 8. h3
Be6 9. Qe1 Nb4 10. Ng5 Bd7 11. Ba3 Nxd3 12. cxd3 O-O 13. Bb2 b5 14. b4 a5 15.
a3 axb4 16. axb4 Rxa1 17. Qxa1 c5 18. Ba3 cxb4 19. Bxb4 h6 20. Nf3 Nh5 21. Bxd6
Re8 22. Qa7 Bc6 23. Bc7 Qxd3 24. Re1 Nf6 25. Re3 Qd7 26. Qb6 Rc8 27. Bxe5 b4
28. Qxb4 Bf8 29. Qc4 Bb5 30. Qb3 Bc4 31. Qa4 Qxa4 32. Nxa4 Bb5 33. Nb6 Rc1+ 34.
Kh2 Nd7 35. Nxd7 Bxd7 36. Rd3 Bb5 37. Rd5 Be2 38. Nd4 Bc4 39. Rd8 Bd3 40. f3
Rc5 41. Re8 Bb5 42. Nxb5 Rxb5 43. d4 h5 44. Rd8 g5 45. Bf6 Rb7 46. Bxg5 Rc7 47.
Bf4 Rb7 48. Rd5 Ra7 49. Rg5+ Bg7 50. Rxh5 Ra4 51. d5 f6 52. d6 Bf8 {Rest unklar
} 0-1

[Event "DSM WK M 2012"]
[Site "Karlsruhe GER"]
[Date "2012.05.04"]
[Round "2"]
[White "Wiesner, Paula"]
[Black "Schweiger, Yasmin"]
[Result "1-0"]
[Termination "normal"]
[Board "7.1"]
[WhiteElo "1776"]
[BlackElo "1038"]
[WhiteTeam "Goethe-Gymnasium Karlsruhe"]
[BlackTeam "Gymnasium Neureut"]
[PlyCount "100"]
[WhiteFideId "24654019"]
[EventCountry "GER"]
[EventRounds "7"]
[EventType "team-swiss"]
[EventDate "2012.05.03"]

1. d4 d5 2. c4 c6 3. Nf3 Bg4 4. Qb3 b6 5. Nc3 e6 6. Ne5 Nf6 7. Qa4 Qd6 8. a3
Be7 9. h3 Bf5 10. Bf4 O-O 11. Ng6 Qd7 12. Nxf8 Bxf8 13. e3 Qc8 14. Be2 Nbd7 15.
O-O a5 16. cxd5 exd5 17. Rac1 Qb7 18. Qd1 Rc8 19. Bd3 Be6 20. Qe2 b5 21. a4 Ra8
22. axb5 cxb5 23. Nxb5 h6 24. Nc7 Ra7 25. Nxe6 fxe6 26. Rc7 Qb6 27. Rfc1 a4 28.
R7c6 Qb4 29. Rxe6 Rb7 30. Rc2 a3 31. bxa3 Qxa3 32. Ra2 Qc1+ 33. Qf1 Qc3 34. Qd1
Rb3 35. Bc2 Rb4 36. Rea6 Rb7 37. Qa1 Qb4 38. Ra7 Rxa7 39. Rxa7 Qe7 40. Bf5 Qf7
41. Qa4 Qe8 42. Bxd7 Nxd7 43. Qxd7 Qxd7 44. Rxd7 Kh7 45. Rxd5 Be7 46. Rd7 Bf6
47. Be5 Kg8 48. Bxf6 gxf6 49. Re7 Kf8 50. Re4 Kf7 1-0

[Event "DSM WK M 2012"]
[Site "Karlsruhe GER"]
[Date "2012.05.04"]
[Round "2"]
[White "Richter, Charlotte"]
[Black "Henke, Hanna"]
[Result "0-1"]
[Termination "normal"]
[Board "7.2"]
[WhiteElo "800"]
[BlackElo "916"]
[WhiteTeam "Gymnasium Neureut"]
[BlackTeam "Goethe-Gymnasium Karlsruhe"]
[PlyCount "70"]
[BlackFideId "12964441"]
[EventCountry "GER"]
[EventRounds "7"]
[EventType "team-swiss"]
[EventDate "2012.05.03"]

1. e4 e5 2. Nf3 Nc6 3. Bc4 Bc5 4. d3 Nf6 5. Nc3 d6 6. h3 Nd4 7. Bg5 h6 8. Bh4
g5 9. Bg3 h5 10. Nxg5 Ng8 11. Nxf7 Qf6 12. Nxh8 Qxh8 13. O-O h4 14. Bxh4 Qxh4
15. Bxg8 Bd7 16. Bc4 O-O-O 17. a3 a6 18. b4 Ba7 19. a4 Qg5 20. Kh2 Rg8 21. Bxg8
Qxg8 22. b5 Qg5 23. Qc1 Qf6 24. Qd2 Qg6 25. Rab1 Qh7 26. Kg1 Bxh3 27. gxh3 Nf3+
28. Kg2 Nxd2 29. Rbd1 Qg7+ 30. Kh1 Qg5 31. Rg1 Qh4 32. Rg8+ Kd7 33. Rg7+ Ke6
34. Rg6+ Kf7 35. Rdg1 Qxh3# 0-1

[Event "DSM WK M 2012"]
[Site "Karlsruhe GER"]
[Date "2012.05.04"]
[Round "2"]
[White "Ketterer, Beatrice"]
[Black "Fotler, Diana"]
[Result "0-1"]
[Termination "normal"]
[Board "7.3"]
[WhiteElo "785"]
[BlackElo "800"]
[WhiteTeam "Goethe-Gymnasium Karlsruhe"]
[BlackTeam "Gymnasium Neureut"]
[PlyCount "58"]
[WhiteFideId "12983411"]
[EventCountry "GER"]
[EventRounds "7"]
[EventType "team-swiss"]
[EventDate "2012.05.03"]

1. e4 e5 2. Nf3 Nc6 3. Bc4 Nf6 4. d3 Bc5 5. Nc3 d6 6. O-O O-O 7. Bg5 h6 8. Bh4
Nd4 9. Nxd4 Bxd4 10. Nd5 Bxb2 11. Rb1 Bd4 12. Nxf6+ gxf6 13. Qf3 Kg7 14. Qg3+
Kh7 15. Kh1 Be6 16. Bb3 a6 17. f4 b5 18. c4 Rg8 19. Qf3 Rg6 20. f5 Rg7 21. fxe6
fxe6 22. Bxf6 Qf8 23. Bxg7 Qxg7 24. Qf7 Rg8 25. Qxg7+ Rxg7 26. Rf8 Re7 27. Ra8
Rf7 28. Rxa6 Bb2 29. Rxb2 Rf1# 0-1

[Event "DSM WK M 2012"]
[Site "Karlsruhe GER"]
[Date "2012.05.04"]
[Round "2"]
[White "Schweiger, Lauralie"]
[Black "Kipp, Emma"]
[Result "1-0"]
[Termination "normal"]
[Board "7.4"]
[WhiteElo "830"]
[BlackElo "800"]
[WhiteTeam "Gymnasium Neureut"]
[BlackTeam "Goethe-Gymnasium Karlsruhe"]
[PlyCount "93"]
[EventCountry "GER"]
[EventRounds "7"]
[EventType "team-swiss"]
[EventDate "2012.05.03"]

1. d4 d5 2. c4 c6 3. Nc3 Nf6 4. Bf4 Na6 5. Nf3 Bg4 6. e3 c5 7. Be2 e6 8. O-O
Bd6 9. Bg5 O-O 10. Ne5 h6 11. Bh4 Bxe2 12. Qxe2 Nb4 13. b3 Qe8 14. Bxf6 gxf6
15. Ng4 Nc6 16. cxd5 f5 17. Nxh6+ Kg7 18. Qh5 Rh8 19. Qg5+ Kf8 20. dxc6 bxc6
21. dxc5 Bxc5 22. e4 Bd4 23. Rac1 a5 24. Rfd1 Rd8 25. exf5 e5 26. Ne4 c5 27.
Nf6 Qe7 28. h4 Bb2 29. Rb1 Bc3 30. Rxd8+ Qxd8 31. Rc1 Bb2 32. Rxc5 Qb6 33. Rc8+
Ke7 34. Nd5+ Kd7 35. Rd8+ Kc6 36. Nxb6 Kxb6 37. Rxh8 Bd4 38. Nxf7 Kb5 39. a4+
Kb4 40. Rb8+ Kc3 41. Qc1+ Kd3 42. Rd8 Ke4 43. Qe1+ Kxf5 44. Qxa5 Kf6 45. Rd6+
Kxf7 46. Qc7+ Ke8 47. Rd8# 1-0

[Event "DSM WK M 2012"]
[Site "Karlsruhe GER"]
[Date "2012.05.04"]
[Round "2"]
[White "König, Isabel"]
[Black "Zelbel, Jacqueline"]
[Result "1/2-1/2"]
[Termination "normal"]
[Board "8.1"]
[WhiteElo "1099"]
[BlackElo "1255"]
[WhiteTeam "Gymnasium Altenholz"]
[BlackTeam "Immanuel-Kant-Gymnasium Dortmund"]
[PlyCount "130"]
[WhiteFideId "16210000"]
[EventCountry "GER"]
[EventRounds "7"]
[EventType "team-swiss"]
[EventDate "2012.05.03"]

1. d4 d5 2. c4 e6 3. Nf3 c5 4. Bg5 Be7 5. Bxe7 Qxe7 6. e3 Nf6 7. Nc3 O-O 8. Rc1
Nc6 9. Bd3 Bd7 10. O-O Rac8 11. a3 Rfe8 12. b4 b6 13. Re1 cxb4 14. cxd5 exd5
15. axb4 Qxb4 16. Nb5 a6 17. Rb1 Qe7 18. Nc3 b5 19. Ng5 h6 20. Nf3 Bg4 21. Be2
Nb4 22. Rc1 Qd6 23. Ne5 Bxe2 24. Qxe2 Nc6 25. Nd3 Nd7 26. Ra1 Ra8 27. Reb1 b4
28. Nd1 Nxd4 29. Qb2 Nc6 30. Nxb4 Nxb4 31. Qxb4 Qxb4 32. Rxb4 Nc5 33. Nc3 Red8
34. Kf1 Kf8 35. Ke2 Ke7 36. Ra5 Kd6 37. Rb6+ Kc7 38. Rb2 Kc6 39. Kf3 g6 40. e4
dxe4+ 41. Nxe4 Nxe4 42. Kxe4 Re8+ 43. Kf4 Kd6 44. Rb6+ Kd7 45. Rbxa6 Rxa6 46.
Rxa6 Re2 47. Ra7+ Ke8 48. Kf3 Re7 49. Ra8+ Kd7 50. Ra7+ Ke8 51. Ra4 g5 52. h4
f5 53. hxg5 hxg5 54. Ra5 Rf7 55. Ke3 Re7+ 56. Kd4 Re4+ 57. Kd3 Rf4 58. Re5+ Kf7
59. Ke3 Kf6 60. Re8 Kf7 61. Rh8 Rh4 62. Rxh4 gxh4 63. Kf4 Kg6 64. Ke3 Kg5 65.
Kf3 f4 1/2-1/2

[Event "DSM WK M 2012"]
[Site "Karlsruhe GER"]
[Date "2012.05.04"]
[Round "2"]
[White "Liberis, Angelina"]
[Black "Morsch, Rebecca"]
[Result "1-0"]
[Termination "normal"]
[Board "8.4"]
[WhiteElo "800"]
[BlackElo "800"]
[WhiteTeam "Immanuel-Kant-Gymnasium Dortmund"]
[BlackTeam "Gymnasium Altenholz"]
[PlyCount "57"]
[EventCountry "GER"]
[EventRounds "7"]
[EventType "team-swiss"]
[EventDate "2012.05.03"]

1. e4 c5 2. Nc3 e6 3. Nf3 d6 4. Bb5+ Nd7 5. d3 Ngf6 6. Bf4 a6 7. Bc4 b5 8. Bb3
Be7 9. Ng5 O-O 10. Bxe6 Qe8 11. Nd5 Ra7 12. Nxe7+ Qxe7 13. Bxf7+ Rxf7 14. Nxf7
Qxf7 15. Bxd6 Bb7 16. h3 c4 17. f3 Qe6 18. Bc7 Ra8 19. O-O Rc8 20. Ba5 Qd6 21.
dxc4 Qc5+ 22. Kh1 Qxc4 23. b3 Qe6 24. Rc1 Nh5 25. Kh2 Qf7 26. g4 Nf4 27. Bb4
Ne5 28. Bd6 Ned3 29. cxd3 1-0

[Event "DSM WK M 2012"]
[Site "Karlsruhe GER"]
[Date "2012.05.04"]
[Round "2"]
[White "Wolff, Marie Antoinette"]
[Black "Basler, Alina"]
[Result "1-0"]
[Termination "normal"]
[Board "9.1"]
[WhiteElo "1144"]
[BlackElo "800"]
[WhiteTeam "Louise-Henriette-Gymnasium Oranienburg"]
[BlackTeam "Schule an der Carbäk Broderstorf"]
[PlyCount "59"]
[WhiteFideId "12908258"]
[EventCountry "GER"]
[EventRounds "7"]
[EventType "team-swiss"]
[EventDate "2012.05.03"]

1. e4 e5 2. Nf3 Nc6 3. Bc4 Bc5 4. c3 Nf6 5. d4 Nxe4 6. dxc5 d5 7. cxd6 Qxd6 8.
Qxd6 Nxd6 9. Bd5 Bg4 10. Bxc6+ bxc6 11. Nxe5 c5 12. Nxg4 f5 13. Ne5 O-O 14. O-O
Rfe8 15. Bf4 h6 16. Nd2 g5 17. Bxg5 hxg5 18. Nc6 Re2 19. Nf3 Rxb2 20. Nxg5 Nc4
21. Ne7+ Kf8 22. Nxf5 Nd2 23. Rfe1 Rab8 24. h3 Nc4 25. Re7 Na3 26. Ne6+ Kg8 27.
Nh6+ Kh8 28. Ng5 Rb1+ 29. Rxb1 Nxb1 30. Rh7# 1-0

[Event "DSM WK M 2012"]
[Site "Karlsruhe GER"]
[Date "2012.05.04"]
[Round "2"]
[White "Thimian, Jessica"]
[Black "Schleede, Celina"]
[Result "1-0"]
[Termination "normal"]
[Board "9.3"]
[WhiteElo "800"]
[BlackElo "800"]
[WhiteTeam "Louise-Henriette-Gymnasium Oranienburg"]
[BlackTeam "Schule an der Carbäk Broderstorf"]
[PlyCount "79"]
[EventCountry "GER"]
[EventRounds "7"]
[EventType "team-swiss"]
[EventDate "2012.05.03"]

1. d4 d5 2. e3 Nc6 3. Nc3 Nf6 4. Nge2 Bg4 5. h3 Bxe2 6. Bxe2 e6 7. O-O Bb4 8.
Bd2 O-O 9. f3 Bxc3 10. Bxc3 b5 11. Qd3 b4 12. Bd2 Qd6 13. e4 dxe4 14. fxe4 e5
15. d5 Qxd5 16. exd5 Rad8 17. Bf3 Ne7 18. Bxb4 Rfe8 19. d6 cxd6 20. Bxd6 Ng6
21. Rad1 h5 22. Be4 Kh7 23. c4 Rd7 24. c5 Kh6 25. c6 Rdd8 26. Qe3+ Kh7 27. Be7
Rxe7 28. Rxd8 Nxe4 29. Qxe4 Kh6 30. Qc4 Rc7 31. Rxf7 Rxf7 32. Qxf7 Kg5 33. c7
e4 34. c8=Q e3 35. Re8 Kh6 36. Rxe3 h4 37. Rf3 Ne5 38. Qf4+ Kg6 39. Qxe5 Kh7
40. Qh5# 1-0

[Event "DSM WK M 2012"]
[Site "Karlsruhe GER"]
[Date "2012.05.04"]
[Round "2"]
[White "Esemann, Charlotte"]
[Black "Hallek, Sarah"]
[Result "0-1"]
[Termination "normal"]
[Board "9.4"]
[WhiteElo "800"]
[BlackElo "800"]
[WhiteTeam "Schule an der Carbäk Broderstorf"]
[BlackTeam "Louise-Henriette-Gymnasium Oranienburg"]
[PlyCount "96"]
[EventCountry "GER"]
[EventRounds "7"]
[EventType "team-swiss"]
[EventDate "2012.05.03"]

1. e4 e5 2. Nf3 Nc6 3. Nc3 Bb4 4. Ne2 Nf6 5. h4 Nxe4 6. b3 d6 7. h5 h6 8. Rh4
Bf5 9. Bb2 f6 10. Bc3 Ba3 11. g4 Be6 12. Ng3 Nxg3 13. fxg3 Bb4 14. a3 Bxc3 15.
dxc3 e4 16. b4 -- 17. b5 Ne5 18. Nd2 Nf3+ 19. Ke2 Nxd2 20. Kxd2 Qd7 21. Qb1 c6
22. a4 g5 23. bxc6 bxc6 24. Rh2 Bxg4 25. c4 d5 26. cxd5 cxd5 27. Bb5 Rb8 28.
Rf2 Ke7 29. Bxd7 Bxd7 30. c4 Rxb1 31. Rxb1 d4 32. Rb7 e3+ 33. Kd1 exf2 34. a5
f1=Q+ 35. Kd2 Qxc4 36. g4 Qa6 37. Rb3 Qxa5+ 38. Kc2 Qa4 39. Kb2 Be6 40. Ra3
Qb4+ 41. Rb3 Qxb3+ 42. Kc1 d3 43. Kd2 Qc2+ 44. Ke3 Qe2+ 45. Kd4 Rd8+ 46. Kc5
Qc2+ 47. Kb5 Rb8+ 48. Ka5 Qa2# 0-1

[Event "DSM WK M 2012"]
[Site "Karlsruhe GER"]
[Date "2012.05.04"]
[Round "2"]
[White "Hammer, Nicole"]
[Black "G., Diana"]
[Result "0-1"]
[Termination "normal"]
[Board "10.1"]
[WhiteElo "752"]
[BlackElo "1026"]
[WhiteTeam "Freiherr-vom-Stein Gymnasium Hamm"]
[BlackTeam "Charlotte-Paulsen-Gymnasium Hamburg"]
[PlyCount "62"]
[BlackFideId "12964700"]
[EventCountry "GER"]
[EventRounds "7"]
[EventType "team-swiss"]
[EventDate "2012.05.03"]

1. e4 e5 2. Nf3 Nc6 3. Bc4 Nf6 4. d3 Bc5 5. Nc3 h6 6. Bd2 d6 7. h3 O-O 8. O-O
Be6 9. Bxe6 fxe6 10. Nh4 Nxe4 11. dxe4 Qxh4 12. Be3 Bb6 13. Ne2 Qxe4 14. Ng3
Qh4 15. Nh5 Bxe3 16. fxe3 g6 17. Nf6+ Rxf6 18. Rxf6 Qxf6 19. Qg4 Rf8 20. h4 h5
21. Qc4 Kh7 22. Kh2 Qf2 23. e4 Qxh4+ 24. Kg1 d5 25. Qe2 Nd4 26. Qd3 Rf4 27. c3
Qf2+ 28. Kh2 Rh4+ 29. Qh3 Nf3+ 30. Kh1 Rxh3+ 31. gxh3 Qh2# 0-1

[Event "DSM WK M 2012"]
[Site "Karlsruhe GER"]
[Date "2012.05.04"]
[Round "2"]
[White "Kowalski, Rebecca"]
[Black "Reiter, Nicole"]
[Result "0-1"]
[Termination "normal"]
[Board "10.3"]
[WhiteElo "800"]
[BlackElo "794"]
[WhiteTeam "Freiherr-vom-Stein Gymnasium Hamm"]
[BlackTeam "Charlotte-Paulsen-Gymnasium Hamburg"]
[PlyCount "52"]
[BlackFideId "16212126"]
[EventCountry "GER"]
[EventRounds "7"]
[EventType "team-swiss"]
[EventDate "2012.05.03"]

1. e4 e5 2. Nf3 Nc6 3. Nc3 Nf6 4. Bb5 d6 5. d3 Bd7 6. Bg5 h6 7. Bh4 g5 8. Bg3
Qe7 9. O-O O-O-O 10. h3 g4 11. hxg4 Nxg4 12. Nd5 Qe6 13. Bh4 f6 14. c4 Rg8 15.
Qb3 Be7 16. Qa4 Rg7 17. Bxc6 Bxc6 18. Qa5 Bxd5 19. cxd5 Qd7 20. Rfc1 Kb8 21.
Qb4 h5 22. Nd2 Nh6 23. Nb3 Qh3 24. g3 Ng4 25. Na5 Qh2+ 26. Kf1 Qxf2# 0-1

[Event "DSM WK M 2012"]
[Site "Karlsruhe GER"]
[Date "2012.05.04"]
[Round "2"]
[White "Syla, Albetina"]
[Black "Mewes, Melissa"]
[Result "1-0"]
[Termination "normal"]
[Board "10.4"]
[WhiteElo "800"]
[BlackElo "800"]
[WhiteTeam "Charlotte-Paulsen-Gymnasium Hamburg"]
[BlackTeam "Freiherr-vom-Stein Gymnasium Hamm"]
[PlyCount "55"]
[EventCountry "GER"]
[EventRounds "7"]
[EventType "team-swiss"]
[EventDate "2012.05.03"]

1. e4 e5 2. Nf3 Nc6 3. Bc4 Nf6 4. d3 Bc5 5. Nbd2 Ng4 6. O-O O-O 7. c3 a6 8. Nb3
b5 9. Bd5 Nf6 10. d4 Nxd5 11. exd5 Ne7 12. dxc5 Nxd5 13. Qxd5 Ra7 14. Qxe5 Bb7
15. Nfd4 f6 16. Qh5 b4 17. Qg4 f5 18. Nxf5 Qf6 19. Nbd4 bxc3 20. bxc3 Bd5 21.
Bg5 Qg6 22. Ne7+ Kf7 23. Nxg6 Bc4 24. Nxf8 Kxf8 25. Rfe1 Ra8 26. Qxd7 Be6 27.
Nxe6+ Kg8 28. Qxg7# 1-0